[Event "Saarland-ch B"]
[Site "Schiffweiler"]
[Date "2009.04.03"]
[Round "1"]
[White "Wasylkowski, Andrzej"]
[Black "Holle, Eric"]
[Result "1-0"]
[WhiteElo "1592"]
[BlackElo "1765"]
[PlyCount "33"]
[EventDate "2009.04.03"]
[EventType "swiss"]
[EventRounds "9"]
[EventCountry "GER"]
[SourceTitle "EXT 2012"]
[Source "ChessBase"]
[SourceDate "2011.11.24"]
[SourceVersion "1"]
[SourceVersionDate "2011.11.24"]
[SourceQuality "1"]

1. e4 e6 2. d4 d5 3. Nc3 Bb4 4. Nge2 c5 5. exd5 Qxd5 6. Bd2 Qd6 7. dxc5 Qxc5 8. a3 Bxc3 9. Nxc3 Nf6 10. Be3 Qe7 11. Be2 0-0 12. Bf3 Nbd7 13. Qd4 e5 14. Qa4 Nc5 15. Qb4 Nfd7 16. Nd5 a5 17. Bxc5 1-0